000 00818nam a2200253 i 4500
001 186295
003 SpMaBN
005 20250825062636.0
008 161004s2015 sp a |||| | spa d
020 _a978-84-944051-1-2
080 _a087.5:82
100 1 _aGopegui, Belén.
_959127
245 1 0 _aMi misión era acercarme a Miranda /
_ctexto, Belén Gopegui ; dibujos, Rocío Martínez.
250 _a1ª ed.
260 _aMadrid :
_bLibros en Acción,
_c2015.
300 _a54 p. :
_bil. col. ;
_c19 x 16 cm.
490 1 _aPedaleo.
_aBicicleta
655 7 _aLibros infantiles
_2tgfbne
_9226786
700 1 _aMartínez, Rocío.
_977803
830 0 _aPedaleo.
_aBicicleta
_9225391
852 _aES-MaACL
_jA-13917
_9193350
_bR.151214
_cDEPO1
_dOlim: N-6917
942 _2udc
_cMONOGRAFIA
999 _c186295
_d186295